• AIU
  • Tony Wilmot Memorial Library

The New Testament in Kambaata / (Record no. 18074)

MARC details
000 -LEADER
fixed length control field 00571nam a22001931a 4500
003 - CONTROL NUMBER IDENTIFIER
control field NEGST
005 - DATE AND TIME OF LATEST TRANSACTION
control field 20110718123806.0
008 - FIXED-LENGTH DATA ELEMENTS--GENERAL INFORMATION
fixed length control field 030714s1992 001 0 eng d
020 ## - INTERNATIONAL STANDARD BOOK NUMBER
International Standard Book Number 9966402306
245 04 - TITLE STATEMENT
Title The New Testament in Kambaata /
Statement of responsibility, etc The Bible Society of Ethiopia.
260 ## - PUBLICATION, DISTRIBUTION, ETC. (IMPRINT)
Place of publication, distribution, etc Addis Ababa :
Name of publisher, distributor, etc B.S.E.,
Date of publication, distribution, etc 1992.
300 ## - PHYSICAL DESCRIPTION
Extent 542 p. : maps.
500 ## - GENERAL NOTE
General note Bible. N.T. - Kambaata.
590 ## - LOCAL NOTE (RLIN)
Local note Accession number: 25812
600 10 - SUBJECT ADDED ENTRY--PERSONAL NAME
Personal name Kambaata language - Bible.
600 10 - SUBJECT ADDED ENTRY--PERSONAL NAME
Personal name Bible. N.T. Kambaata. 1992.
600 10 - SUBJECT ADDED ENTRY--PERSONAL NAME
Personal name Kambaata language - Texts.
Holdings
Withdrawn status Lost status Source of classification or shelving scheme Damaged status Not for loan Collection code Home library Current library Shelving location Date acquired Source of acquisition Cost, normal purchase price Full call number Barcode Date last seen Price effective from Koha item type
    Library of Congress Classification     General Circulation AIU/NEGST - Tony Wilmot Memorial Library AIU/NEGST - Tony Wilmot Memorial Library General Stacks 07/31/2009 Donation 4.00 BS 325.K36 1992 R49016Y3232 09/26/2019 07/31/2009 Africana collection (General)